000 00342nam a2200157Ia 4500
100 _aRao/Bhishma/G.S.S
650 _aProbability
250 _a4
942 _cBK
366 _f25
245 _aProbability and statistics for Engineers
260 _bSci tech
_c2002
082 _a519.2
_bRAO
546 _aENGLISH
_cInfo.Tech
999 _c32537
_d32537